All 49ers QBs Ever - Statistics

General Stats
  • This quiz has been taken 81 times
  • The average score is 43 of 75
Answer Stats
Years Quarterback % Correct
1981 Joe Montana
99%
1982 Joe Montana
99%
1983 Joe Montana
99%
1984 Joe Montana
99%
1985 Joe Montana
99%
1986 Joe Montana
99%
1987 Joe Montana
99%
1988 Joe Montana
99%
1989 Joe Montana
99%
1990 Joe Montana
99%
1991 Steve Young
97%
1992 Steve Young
97%
1993 Steve Young
97%
1994 Steve Young
97%
1995 Steve Young
97%
1996 Steve Young
97%
1997 Steve Young
97%
1998 Steve Young
97%
2019 Jimmy Garoppolo
93%
2020 Jimmy Garoppolo
93%
2012 Colin Kaepernick
90%
2013 Colin Kaepernick
90%
2014 Colin Kaepernick
90%
2015 Colin Kaepernick
90%
2005 Alex Smith
83%
2006 Alex Smith
83%
2007 Alex Smith
83%
2009 Alex Smith
83%
2010 Alex Smith
83%
2011 Alex Smith
83%
1999 Jeff Garcia
67%
2000 Jeff Garcia
67%
2001 Jeff Garcia
67%
2002 Jeff Garcia
67%
2003 Jeff Garcia
67%
2018 Nick Mullens
48%
1960 John Brodie
45%
1961 John Brodie
45%
1962 John Brodie
45%
1964 John Brodie
45%
1965 John Brodie
45%
1966 John Brodie
45%
1967 John Brodie
45%
1968 John Brodie
45%
1969 John Brodie
45%
1970 John Brodie
45%
1971 John Brodie
45%
1973 John Brodie
45%
2016 Blaine Gabbert
42%
1953 Y.A Tittle
42%
1954 Y.A Tittle
42%
1955 Y.A Tittle
42%
1956 Y.A Tittle
42%
1957 Y.A Tittle
42%
1958 Y.A Tittle
42%
1959 Y.A Tittle
42%
2017 C.J Beathard
38%
2008 Shaun Hill
22%
1976 Jim Plunkett
20%
1977 Jim Plunkett
20%
1972 Steve Spurrier
16%
1978 Steve DeBerg
13%
1979 Steve DeBerg
13%
1980 Steve DeBerg
13%
1946 Frankie Albert
12%
1947 Frankie Albert
12%
1948 Frankie Albert
12%
1949 Frankie Albert
12%
1950 Frankie Albert
12%
1951 Frankie Albert
12%
1952 Frankie Albert
12%
2004 Tim Rattay
10%
1975 Norm Snead
9%
1974 Tom Owen
6%
1963 Lamar McHan
4%
No matching quizzes found
Score Distribution
Percent of People with Each Score
Percentile by Number Answered
Your Score History
You have not taken this quiz